00904nam a2200253 a 450000100060000000300080000600500170001400800410003103500190007204000300009104100080012108200220012910000430015124500550019425000120024926000510026130000300031265000340034265000340037683000740041094200120048499900170049695201370051370165BD-RjUL20211209081954.0170416s1970 enka 001 0 eng d a(BD-RjUL)70377 aAPLSbengcAPLSdAUCdANL aeng04a661223bSAI 19701 aSamuel, D. M.q(Dilwyn Morgan)920779910aIndustrial chemistry - inorganic /c D. M. Samuel. a2nd ed. aLondon :bRoyal Institute of Chemistry,c1970. avii,167p :bill. ;c22cm. 0aChemistry, Technical.9163507 0aChemistry, Inorganic.9117207 aRoyal institute of Chemistry Monographs for teachers ;vno.109207800 2ddccBK c70165d70165 00102ddc40718NFICaRUCLbRUCLcReadingd1990-11-03eCanada Giftg0.00l0o661 SAI 1970r2017-04-16 00:00:00tC-1w2017-04-16yBK